Prācīna Bhārata meṃ nagara tathā nagara-jīvana. (Record no. 67805)

MARC details
000 -LEADER
fixed length control field 00656cam a22002411 4500
001 - CONTROL NUMBER
control field sa 66001429
003 - CONTROL NUMBER IDENTIFIER
control field DLC
005 - DATE AND TIME OF LATEST TRANSACTION
control field 20260227112222.0
008 - FIXED-LENGTH DATA ELEMENTS--GENERAL INFORMATION
fixed length control field 890911s1965 ii bf b 000 0 hino
010 ## - LIBRARY OF CONGRESS CONTROL NUMBER
LC control number sa 66001429
035 ## - SYSTEM CONTROL NUMBER
System control number (OCoLC)20324554
040 ## - CATALOGING SOURCE
Original cataloging agency DLC
Transcribing agency WaU
Modifying agency DLC
042 ## - AUTHENTICATION CODE
Authentication code premarc
043 ## - GEOGRAPHIC AREA CODE
Geographic area code a-ii---
050 00 - LIBRARY OF CONGRESS CALL NUMBER
Classification number DS425
Item number .R6
100 1# - MAIN ENTRY--PERSONAL NAME
Personal name Rāya, Udaya Nārāyaṇa,
Dates associated with a name 1928-
245 10 - TITLE STATEMENT
Title Prācīna Bhārata meṃ nagara tathā nagara-jīvana.
260 ## - PUBLICATION, DISTRIBUTION, ETC.
Date of publication, distribution, etc. [1965]
300 ## - PHYSICAL DESCRIPTION
Extent 16, 389, 20 p.
Other physical details 34 plates, maps.
Dimensions 23 cm.
500 ## - GENERAL NOTE
General note In Hindi.
504 ## - BIBLIOGRAPHY, ETC. NOTE
Bibliography, etc. note Bibliography: p. [380]-389.
650 #0 - SUBJECT ADDED ENTRY--TOPICAL TERM
Topical term or geographic name entry element Cities and towns
Geographic subdivision India.

No items available.

Powered by Koha